Manual de historia del derecho

Spremljeno u:
Bibliografski detalji
Glavni autor: Hamilton, Carlos Depassier (Autor)
Format: Knjiga
Jezik:španjolski
Izdano: Santiago Jurídica de Chile 1948
Serija:Manuales Jurídicos, 10
Teme:
Oznake: Dodaj oznaku
Bez oznaka, Budi prvi tko označuje ovaj zapis!

MARC

LEADER 00000nam a2200000 a 4500
001 UCY5925
003 CL-VaPUC
008 950521e19480000CL |||||||||||||||||spa|d
082 0 4 |a 340.09  |b HAM  |2 21 
100 |a Hamilton, Carlos Depassier  |e author  |9 420423 
245 1 0 |a Manual de historia del derecho 
300 |a 571 p 
942 |c BK 
945 |d 19950521 00:00:00  |a aalvarez 
260 |a Santiago  |b Jurídica de Chile  |c 1948 
650 0 |a Historia del derecho  |9 255109 
583 |a last modification  |c 20171116 11:02:21  |k Rodrigo Vera 
490 0 |a Manuales Jurídicos, 10 
999 |c 233524  |d 233522 
952 |0 0  |1 0  |4 0  |6 340_090000000000000_HAM_1948  |7 0  |8 DER_HIS  |9 239103  |a BIBDER  |b BIBDER  |d 2019-11-18  |i 2000024  |o 340.09 HAM 1948  |p 2000024  |r 2023-01-25  |w 2019-11-18  |x Ubicación 4to Piso  |y BK  |z Estos recursos deben solicitarse con anticipación  |k DER 
952 |0 0  |1 0  |2 ddc  |4 0  |6 340_090000000000000_HAM_1948  |7 0  |8 P  |9 239105  |a BIBDER  |b BIBDER  |d 2019-11-18  |i 1887157  |o 340.09 HAM 1948  |p 1887157  |r 2023-01-25  |w 2019-11-18  |y BK  |k DER 
952 |0 0  |1 0  |4 0  |6 340_090000000000000_HAM_1948  |7 0  |8 P  |9 239106  |a BIBDER  |b BIBDER  |d 2019-11-18  |i 1887181  |o 340.09 HAM 1948  |p 1887181  |r 2023-01-25  |w 2019-11-18  |y BK  |k DER